Ideals, varieties, and algorithms : an introduction to computational algebraic geometry and commutative algebra /
Guardado en:
| Autor Principal: | |
|---|---|
| Otros Autores: | , |
| Formato: | Libro |
| Idioma: | English |
| Publicado: |
New York :
Springer,
c1997.
|
| Edición: | 2nd ed. |
| Series: | Undergraduate texts in mathematics
|
| Materias: | |
| Acceso en línea: | Sitio web del libro Tabla de contenidos |
| Etiquetas: |
Agregar Etiqueta
Sin Etiquetas, Sea el primero en etiquetar este registro!
|
| LEADER | 01194cam a2200301 a 4500 | ||
|---|---|---|---|
| 001 | MAT.inmabb003461 | ||
| 008 | 960402s1997####nyua#####b####001#0#eng## | ||
| 005 | 20130308131208.0 | ||
| 245 | 1 | 0 | |a Ideals, varieties, and algorithms : |b an introduction to computational algebraic geometry and commutative algebra / |c David Cox, John Little, Donal O'Shea. |
| 250 | |a 2nd ed. | ||
| 260 | |a New York : |b Springer, |c c1997. | ||
| 300 | |a xiii, 536 p. : |b il. ; |c 25 cm. | ||
| 440 | 0 | |a Undergraduate texts in mathematics | |
| 504 | |a Incluye referencias bibliográficas (p. 523-526) e índice. | ||
| 510 | 4 | |a MR, |c 97h:13024 | |
| 020 | |a 0387946802 | ||
| 100 | 1 | |a Cox, David A. | |
| 700 | 1 | |a Little, John B. | |
| 700 | 1 | |a O'Shea, Donal. | |
| 650 | 0 | |a Geometry, Algebraic |x Data processing. | |
| 650 | 0 | |a Commutative algebra |x Data processing. | |
| 084 | |a 13P10 (13-01 14-01 14Qxx 68W30) |2 msc2000 | ||
| 010 | |a 96008023 | ||
| 040 | |a DLC |c DLC |d DLC | ||
| 856 | 4 | 2 | |u http://www.cs.amherst.edu/%7Edac/iva.html |y Sitio web del libro |
| 856 | 4 | 2 | |u http://www.cs.amherst.edu/%7Edac/iva/toc.html |y Tabla de contenidos |
| 859 | |h 13 |i C877 |p A-7486 |b BIB. MATEMATICA | ||
| 859 | |h 13 |i C877 |p A-7887 |t Ej. 2 |b BIB. MATEMATICA | ||
